Click That Hat Quiz Stats

 Plays Quiz Updated Dec 7, 2017

Challenge
Share
Tweet
Score 0/20 Timer 05:00
0 Plays Today
% Correct
Baseball cap
94.7%
Top Hat
93.9%
Sombrero
93.6%
Cowboy hat
92.7%
Hard hat
92.6%
Square academic cap
91.8%
Beret
90.4%
Sailor cap
88.4%
Knit cap
87.6%
Fez
86.9%
% Correct
Bowler hat
86%
Aviator hat
85.6%
Kippah
81.6%
Tricorne
80.2%
Ushanka
70.7%
Panama hat
69.9%
Trilby
62.8%
Sou'wester
58%
Boater
56.1%
Fedora
51.9%

You're not logged in!

Compare scores with friends on all Sporcle quizzes.
OR
Log In

You Might Also Like...

Show Comments

Extras

Top Quizzes Today


Score Distribution

Your Account Isn't Verified!

In order to create a playlist on Sporcle, you need to verify the email address you used during registration. Go to your Sporcle Settings to finish the process.

Report this User

Report this user for behavior that violates our Community Guidelines.

Details: